| 000 | 00680nam a2200217Ia 4500 | ||
|---|---|---|---|
| 003 | BUBTL | ||
| 008 | 151213s9999 xx 000 0 und d | ||
| 020 | _a0131786091 | ||
| 082 | _a621.381/ R1121d / 1996 | ||
| 100 |
_aRabaey, Jan M. _94282 |
||
| 245 |
_aDigital Integrated Circuits : A Design Perspective / _cJan M.Rabaey |
||
| 250 | _a2nd edn. | ||
| 260 |
_aNew Delhi : _bPrentice Hall, _cc1996 |
||
| 300 |
_axviii, 702 p.: _bill.; _c24 cm. |
||
| 521 | _aRabaey, Digital Integrated Circuits, Digital, Integrated, Circuits, Design, Perspective | ||
| 650 | _aE E E | ||
| 650 | _ascience | ||
| 856 |
_k0 _l0 _yDownload |
||
| 942 |
_2ddc _cBK |
||
| 999 |
_c4128 _d4128 |
||